[Event "Resurrection Knock Out"]
[Site "SchemingMind.com"]
[Date "2014.11.05"]
[Round "-"]
[White "lemme howdt"]
[Black "Clive Everill"]
[Result "0-1"]
[WhiteCountry "USA"]
[BlackCountry "CZE"]
[WhiteElo "1544"]
[WhiteRD "74"]
[BlackElo "1709"]
[BlackRD "52"]
[GameID "368426"]

1. e4 e6 2. Nf3 d6 3. d4 h6 4. Nc3 Nc6 5. Bb5 Bd7 6. O-O Be7 7. a3 Nf6 8. Re1 O-O 9. d5 exd5 10. Nxd5 Nxd5
11. exd5 Nb8 12. Qd3 c6 13. dxc6 bxc6 14. Ba4 a5 15. Bf4 d5 16. Ne5 Be8 17. Rad1 f6 18. Ng6 Bxg6 19. Qxg6 Qe8 20. Qf5 Ra7
21. Rxd5 Qf7 22. Rd3 Kh8 23. Bb3 Qe8 24. Rde3 Qd8 25. Bc4 Rd7 26. Bd3 Rxd3 27. cxd3 Bd6 28. Bxd6 Qxd6 29. Re8 Na6 30. Rxf8+ Qxf8
31. Qxa5 Nb8 32. Qc7 Na6 33. Qxc6 Nb8 34. Qe6 Kh7 35. h3 Qd8 36. Re3 Nd7 37. b4 Ne5 38. Qf5+ g6 39. Qe4 Kg7 40. Qb7+ Kg8
41. Qe4 Kf7 42. f4 Nd7 43. Qd5+ Kf8 44. Re6 g5 45. fxg5 hxg5 46. Rd6 Qc7 47. Rxd7 Qc1+ 48. Kf2 Qd2+ 49. Kg3 Qf4#
0-1